Soccer - They played for... Arsenal (Sudden death) - Statistics

General Stats
  • This quiz has been taken 379 times
  • The average score is 12 of 16
Answers on the Grid
Answers color-coded by a green-red scale on the quiz's grid according to % correct below.
Eric Cantona
Denis Law
John Terry
Alan Sunderland
Mikel Arteta
David Ginola
George Best
Pierre-Emerick Aubameyang
Per Mertesacker
Patrick Vieira
Martin Ødegaard
Laurent Koscielny
Antoine Griezmann
Cesc Fàbregas
Lassana Diarra
Marco van Basten
David Seaman
Lionel Messi
Robin van Persie
David Herd
William Gallas
Michael Essien
Kylian Mbappé
Thierry Henry
Ryan Giggs
Dennis Bergkamp
Johan Cruyff
Alexandre Lacazette
 
Answer Stats
Answer % Correct
Mikel Arteta
90%
Pierre-Emerick Aubameyang
89%
Martin Ødegaard
86%
Patrick Vieira
85%
Thierry Henry
83%
Robin van Persie
81%
Dennis Bergkamp
80%
Alexandre Lacazette
78%
Cesc Fàbregas
78%
Laurent Koscielny
73%
David Seaman
69%
Per Mertesacker
67%
William Gallas
60%
Alan Sunderland
47%
Lassana Diarra
44%
David Herd
40%
No matching quizzes found
Score Distribution
Percent of People with Each Score
Percentile by Number Answered
Your Score History
You have not taken this quiz